000 00940nam a2200229 a 4500
008 060405s2004 ||||||||||||||||| || u
020 _a9211126118
050 _aUNCTAD(08)PIITCS
100 _aPeters, Ralf
245 1 0 _aShifting sands : searching for a compromise in the WTO negotiations on agriculture
_cby Ralf Peters; David Vanzetti
250 _a23
260 _aNew York:
_bUNITED NATIONS
_c2004
300 _avi, 46p.: ill.
350 _a0.00
490 _aPolicy Issues in International Trade and Commodities Study
650 _aAGRICUTURE--ZAMBIA
650 _aTEXTBOOKS
650 _aWORLD TRADE ORGANIZATION--HIGHER EDUCATION
700 _aVanzetti, David
710 _aUnited Nations Conference on Trade and Development (UNCTAD)
995 _D0.00
_FCBU-MAIN LIBRARY (Kitwe)
_H1
_I0.00
_M1
_UAVAILABLE
_WApr 5, 2006
_ZInternational Publications
999 _c57405
_d57405